Regionalliga Teams 2026/27 - Statistics

General Stats
  • This quiz has been taken 2 times
  • The average score is 40 of 81
Answer Stats
Regionalliga Südwest Answer % Correct
Regionalliga West Borussia Dortmund II
100%
Regionalliga Bayern FC Bayern München II
100%
Regionalliga West 1. FC Bocholt
50%
Regionalliga West 1. FC Köln II
50%
Regionalliga Nordost 1. FC Magdeburg II
50%
Regionalliga Bayern 1. FC Nürnberg II
50%
Regionalliga Nord 1.FC Phönix Lübeck
50%
Regionalliga Bayern 1. FC Schweinfurt
50%
Regionalliga Südwest 1. FSV Mainz 05 II
50%
Regionalliga Südwest Astoria Walldorf
50%
Regionalliga Nordost BFC Dynamo
50%
Regionalliga Nordost BFC Preußen
50%
Regionalliga West Bonner SC
50%
Regionalliga West Borussia Mönchengladbach II
50%
Regionalliga Nord Bremer SV
50%
Regionalliga Nordost BSG Chemie Leipzig
50%
Regionalliga Nordost Chemnitzer FC
50%
Regionalliga Bayern DJK Vilzing
50%
Regionalliga Südwest Eintracht Frankfurt II
50%
Regionalliga Nord Eintracht Norderstedt
50%
Regionalliga Südwest FC 08 Homburg
50%
Regionalliga Bayern FC Augsburg II
50%
Regionalliga Nordost FC Carl Zeiss Jena
50%
Regionalliga Nordost FC Erzgebirge Aue
50%
Regionalliga West FC Gütersloh
50%
Regionalliga Bayern FC Memmingen
50%
Regionalliga Nordost FC Rot-Weiß Erfurt
50%
Regionalliga West FC Schalke 04 II
50%
Regionalliga Nordost FSV 63 Luckenwalde
50%
Regionalliga Südwest FSV Frankfurt
50%
Regionalliga Nord FSV Schöningen
50%
Regionalliga Nordost FSV Zwickau
50%
Regionalliga Bayern FV Illertissen
50%
Regionalliga Nordost Greifswalder FC
50%
Regionalliga Nordost Hallescher FC
50%
Regionalliga Nord Hamburger SV II
50%
Regionalliga Nord Hannover 96 II
50%
Regionalliga Nordost Hertha BSC II
50%
Regionalliga Südwest Hessen Kassel
50%
Regionalliga Nord HSC Hannover
50%
Regionalliga Nord Kickers Emden
50%
Regionalliga Südwest Kickers Offenbach
50%
Regionalliga West Rot-Weiß Oberhausen
50%
Regionalliga Nordost RSV Eintracht Stahnsdorf
50%
Regionalliga Bayern SC Eltersdorf
50%
Regionalliga Südwest SC Freiburg II
50%
Regionalliga West SC Paderborn II
50%
Regionalliga West SC Wiedenbrück
50%
Regionalliga Südwest SG Barockstadt Fulda-Lehnerz
50%
Regionalliga Südwest SGV Freiberg
50%
Regionalliga West SG Wattenscheid
50%
Regionalliga West Sportfreunde Lotte
50%
Regionalliga West Sportfreunde Siegen
50%
Regionalliga Bayern SpVgg Ansbach 09
50%
Regionalliga Bayern SpVgg Bayreuth
50%
Regionalliga Bayern SpVgg Unterhaching
50%
Regionalliga Nord SSV Jeddeloh II
50%
Regionalliga Südwest SSV Ulm 1846
50%
Regionalliga Südwest Stuttgarter Kickers
50%
Regionalliga Nord SV Atlas Delmenhorst
50%
Regionalliga Nordost SV Babelsberg 03
50%
Regionalliga Nord SV Drochtersen/Assel
50%
Regionalliga Südwest SV Eintracht Trier
50%
Regionalliga West SV Rödinghausen
50%
Regionalliga Südwest SV Sandhausen
50%
Regionalliga Bayern SV Wacker Burghausen
50%
Regionalliga Bayern TSV Buchbach
50%
Regionalliga Nord TSV Havelse
50%
Regionalliga Bayern TSV Landsberg
50%
Regionalliga Bayern TSV Schwaben Augsburg
50%
Regionalliga Südwest TSV Steinbach Haiger
50%
Regionalliga Nord VfB Lübeck
50%
Regionalliga Nord VfB Oldenburg
50%
Regionalliga Südwest VfR Aalen
50%
Regionalliga Nordost VSG Altglienicke
50%
Regionalliga Nord Weiche Flensburg
50%
Regionalliga West Westfalia Rhynern
50%
Regionalliga Nord SV Werder Bremen II
0%
Regionalliga Bayern TSV Aubstadt
0%
Regionalliga Bayern VfB Eichstätt
0%
Regionalliga West VfL Bochum II
0%
No matching quizzes found
Score Distribution
Percent of People with Each Score
Percentile by Number Answered
Your Score History
You have not taken this quiz